<?xml version="1.0" encoding="UTF-8"?>
<marc:record xmlns:marc="http://www.loc.gov/MARC21/slim">
   <marc:leader>00000nam a2200000 a 4500</marc:leader>
   <marc:datafield ind1="1" ind2=" " tag="100">
      <marc:subfield code="a">Auer, Margit</marc:subfield>
      <marc:subfield code="4">aut</marc:subfield>
      <marc:subfield code="e">Verfasser/-in</marc:subfield>
   </marc:datafield>
   <marc:datafield ind1="0" ind2="0" tag="245">
      <marc:subfield code="a">Die Plätzchenfalle</marc:subfield>
   </marc:datafield>
   <marc:datafield ind1="0" ind2="0" tag="245">
      <marc:subfield code="c">Margit Auer</marc:subfield>
   </marc:datafield>
   <marc:datafield ind1=" " ind2="1" tag="264">
      <marc:subfield code="a">Reinbek bei Hamburg</marc:subfield>
      <marc:subfield code="b">Carlsen-Verl.</marc:subfield>
      <marc:subfield code="c">2023</marc:subfield>
   </marc:datafield>
   <marc:datafield ind1="1" ind2=" " tag="490">
      <marc:subfield code="a">¬Die¬ Schule der magischen Tiere ermittelt</marc:subfield>
      <marc:subfield code="v">6</marc:subfield>
   </marc:datafield>
   <marc:datafield ind1="1" ind2=" " tag="520">
      <marc:subfield code="a">Es ist kurz vor Weihnachten und Eisbär Murphy hat alle Tatzen voll zu tun. Überall in der Küche der magischen Zoohandlung ist Mehl verstreut und Murphy backt fleißig Lebkuchenherzen. Das ist aber streng geheim, auch wenn die Erdmännchen so gerne mitmachen würden. Also schaut die lustige Bande mit Mister Morrison Stabhochsprung im Fernsehen, während Mary Weihnachtsgeschenke strickt. Doch dann stehen auf einmal Ida und Benni mit ihren magischen Tieren Henrietta und Rabbat vor der Tür. Und sie bringen schlechte Neuigkeiten: Marys Stricknadeln sind verschwunden und so können ein paar ganz besondere Weihnachtsgeschenke nicht rechtzeitig fertig werden. Doch Murphy wäre kein Meisterdetektiv und Pinkie keine schlaue Elster, wenn sie dem Stricknadeldieb nicht auf die Schliche kommen würden. Doch dann verschwinden auch noch Murphys hübsch verzierte Lebkuchenherzen. Hängen die beiden Diebstähle etwa zusammen und ist Weihnachten noch zu retten?</marc:subfield>
   </marc:datafield>
   <marc:datafield ind1=" " ind2=" " tag="020">
      <marc:subfield code="a">9783551655967</marc:subfield>
      <marc:subfield code="9">9783551655967</marc:subfield>
   </marc:datafield>
   <marc:datafield ind1=" " ind2=" " tag="020">
      <marc:subfield code="a">3551655960</marc:subfield>
      <marc:subfield code="9">3551655960</marc:subfield>
   </marc:datafield>
   <marc:datafield ind1=" " ind2=" " tag="300">
      <marc:subfield code="a">52 S.</marc:subfield>
   </marc:datafield>
</marc:record>
